Health 04/05/ (Record no. 2585)

000 -LEADER
fixed length control field 00624nam a22002177a 4500
003 - CONTROL NUMBER IDENTIFIER
control field OSt
005 - DATE AND TIME OF LATEST TRANSACTION
control field 20210714112137.0
008 - FIXED-LENGTH DATA ELEMENTS--GENERAL INFORMATION
fixed length control field 210714b ||||| |||| 00| 0 eng d
020 ## - INTERNATIONAL STANDARD BOOK NUMBER
International Standard Book Number 9780072917277
040 ## - CATALOGING SOURCE
Transcribing agency ALUPE UNIVERSITY
050 ## - LIBRARY OF CONGRESS CALL NUMBER
Classification number RA427.8
Item number .H42 2004
100 ## - MAIN ENTRY--PERSONAL NAME
Personal name Eileen L Daniel
245 ## - TITLE STATEMENT
Title Health 04/05/
260 ## - PUBLICATION, DISTRIBUTION, ETC.
Place of publication, distribution, etc. Maidenhead :
Name of publisher, distributor, etc. McGraw-Hill Education,
Date of publication, distribution, etc. 2004.
300 ## - PHYSICAL DESCRIPTION
Extent 221p. :
Dimensions 27 cm
440 ## - SERIES STATEMENT/ADDED ENTRY--TITLE
Title Annual editions.
650 ## - SUBJECT ADDED ENTRY--TOPICAL TERM
Topical term or geographic name entry element Self-care, Health -- United States.
650 ## - SUBJECT ADDED ENTRY--TOPICAL TERM
Topical term or geographic name entry element Health behavior -- United States.
650 ## - SUBJECT ADDED ENTRY--TOPICAL TERM
Topical term or geographic name entry element Medical care -- United States.
942 ## - ADDED ENTRY ELEMENTS (KOHA)
Source of classification or shelving scheme
Koha item type Book
Suppress in OPAC SO
Holdings
Withdrawn status Lost status Source of classification or shelving scheme Damaged status Not for loan Permanent Location Current Location Shelving location Date acquired Total Checkouts Full call number Barcode Date last seen Price effective from Koha item type Public note
          AU LIBRARY AU LIBRARY Open Shelf 14.07.2021   RA427.8 .H42 2004 28002152 14.07.2021 14.07.2021 Book SO

Powered by Koha